Social Marketing Behavior Change For Good (Record no. 42827)

MARC details
000 -LEADER
fixed length control field 00304nam a2200121Ia 4500
008 - FIXED-LENGTH DATA ELEMENTS--GENERAL INFORMATION
fixed length control field 241028s9999 xx 000 0 und d
041 ## - LANGUAGE CODE
Language code of text/sound track or separate title eng
082 ## - DEWEY DECIMAL CLASSIFICATION NUMBER
Classification number 658.8 LEE
100 ## - MAIN ENTRY--PERSONAL NAME
Personal name Ktler
245 ## - TITLE STATEMENT
Title Social Marketing Behavior Change For Good
260 ## - PUBLICATION, DISTRIBUTION, ETC.
Name of publisher, distributor, etc. Sage
Place of publication, distribution, etc. LOS ANGELE
Date of publication, distribution, etc. 2024
300 ## - PHYSICAL DESCRIPTION
Extent 545;. P. 23 cm
Holdings
Withdrawn status Lost status Damaged status Not for loan Home library Current library Shelving location Date acquired Cost, normal purchase price Full call number Barcode Date last seen Cost, replacement price Price effective from Koha item type
        IMTN IMTN Rack 32-B 07/03/2024 10812.50 658.8 LEE 33256 10/28/2024 125.00 10/28/2024 Books
Designed & Maintained by: LRC IMT Nagpur Contact: lrc@imtnag.ac.in© 2024. All Rights Reserved.